书目信息 |
| 题名: |
日常好习惯全书
|
|
| 作者: | 刘迪谦 , 杨桢 主编 | |
| 分册: | ||
| 出版信息: | 北京 开明出版社 2009.02 |
|
| 页数: | 270页 | |
| 开本: | 24cm | |
| 丛书名: | ||
| 单 册: | ||
| 中图分类: | B842.6 | |
| 科图分类: | ||
| 主题词: | 习惯--培养 , 习惯--培养--通俗读物 | |
| 电子资源: | ||
| ISBN: | 978-7-80205-603-9 | |
| 000 | 00997nam0 2200277 450 | |
| 001 | 004186638 | |
| 005 | 20100805164029.20 | |
| 010 | @a978-7-80205-603-9@dCNY55.00 | |
| 090 | @aB842@bldq | |
| 100 | @a20100515d2009 em y0chiy50 ea | |
| 101 | 0 | @achi |
| 102 | @aCN@b110000 | |
| 105 | @aa z 000yy | |
| 200 | 1 | @a日常好习惯全书@Ari chang hao xi guan quan shu@f刘迪谦, 杨桢主编@Fliu di qian,yang zhen zhu bian |
| 210 | @a北京@c开明出版社@d2009.02 | |
| 215 | @a270页@c图@d24cm | |
| 300 | @a妙康·生活类图书 | |
| 304 | @a题名页及版权页责任者题:刘迪谦,杨勇 | |
| 330 | @a本书通过对处于快节奏、高压力的社会群体生活、工作、学习等方面多维调查、汇总、分析,在全新的理念指导下,从与我们有密切联系的吃、穿、住、用、行等方面着手,系统性地帮助我们培养良好的习惯。 | |
| 606 | 0 | @a习惯@x培养 |
| 606 | 0 | @a习惯@x培养@j通俗读物 |
| 690 | @aB842.6@v4 | |
| 701 | 0 | @a刘迪谦@Aliu di qian@f(1953~)@4主编 |
| 701 | 0 | @a杨桢@Ayang zhen@c(中医学)@4主编 |
| 801 | @c20100515 | |
| 905 | @dB842.6@eL600@f5 | |
| 日常好习惯全书/刘迪谦, 杨桢主编.-北京:开明出版社,2009.02 |
| 270页:图;24cm |
| 妙康·生活类图书 |
| ISBN 978-7-80205-603-9:CNY55.00 |
| 本书通过对处于快节奏、高压力的社会群体生活、工作、学习等方面多维调查、汇总、分析,在全新的理念指导下,从与我们有密切联系的吃、穿、住、用、行等方面着手,系统性地帮助我们培养良好的习惯。 |
| ● |
| 相关链接 |
|
|
|
正题名:日常好习惯全书
索取号:B842.6/L600
 
预约/预借
| 序号 | 登录号 | 条形码 | 馆藏地/架位号 | 状态 | 备注 |
| 1 | 996368 | 209963681 | 社科库509/509社科库 36排4列3层/ [索取号:B842.6/L600] | 在馆 | |
| 2 | 996369 | 209963690 | 社科库509/509社科库 36排4列3层/ [索取号:B842.6/L600] | 在馆 | |
| 3 | 996370 | 209963707 | 社科库509/509社科库 36排4列3层/ [索取号:B842.6/L600] | 在馆 | |
| 4 | 996371 | 209963716 | 社科库509/509社科库 36排4列3层/ [索取号:B842.6/L600] | 在馆 | |
| 5 | 996372 | 209963725 | 社科库509/509社科库 36排4列3层/ [索取号:B842.6/L600] | 在馆 |